| 000 | 01202cam a2200313 a 4500 | ||
|---|---|---|---|
| 001 | 13404281 | ||
| 003 | NUST-PNEC | ||
| 005 | 20170116180706.0 | ||
| 008 | 031114s2003 nyua bf 001 0 eng | ||
| 010 | _a 2003283395 | ||
| 020 | _a0824742494 (alk. paper) | ||
| 040 |
_aDLC _cPNEC |
||
| 050 | 0 | 0 |
_aTK2901 _b.B393 2003 |
| 082 | 0 | 0 |
_a621.31'242 KIE _222 |
| 100 |
_9351 _aKiehne, H. A. |
||
| 245 | 0 | 0 |
_aBattery technology handbook / _cedited by H.A. Kiehne. |
| 250 | _a2nd ed. | ||
| 260 |
_aNew York : _bMarcel Dekker, _cc2003. |
||
| 300 |
_axx, 515 p. : _bill. ; _c27 cm. |
||
| 440 | 0 |
_aElectrical engineering and electronics ; _v60 |
|
| 500 | _aIncludes Index http://www.amazon.com/s/ref=nb_sb_noss?url=search-alias%3Dstripbooks&field-keywords=0824742494 | ||
| 504 | _aIncludes bibliographical references and index. | ||
| 650 | 0 |
_aElectric batteries _vHandbooks, manuals, etc. _xEE, EL |
|
| 700 | 1 |
_aKiehne, H. A. _q(Heinz Albert) |
|
| 856 | 4 | 2 |
_3Publisher description _uhttp://www.loc.gov/catdir/enhancements/fy0647/2003283395-d.html |
| 906 |
_a7 _bcbc _corigcop _d2 _encip _f20 _gy-gencatlg |
||
| 942 |
_2ddc _cBK |
||
| 999 |
_c60734 _d60734 |
||